Most Common First Names in Movies - Statistics

General Stats
  • This quiz has been taken 375 times
  • The average score is 28 of 72
Answer Stats
# Films Name % Correct
303 John
92%
322 Jack
87%
197 James
72%
183 Mary
67%
117 Harry
64%
163 Michael
64%
167 Tom
64%
97 William
64%
86 Pete
61%
160 George
60%
201 Paul
60%
113 Robert
59%
89 Chris
58%
191 Joe
58%
128 Steve
55%
198 David
54%
227 Sam
54%
173 Mike
53%
111 Richard
52%
143 Alex
50%
101 Danny
50%
88 Thomas
50%
133 Bill
49%
172 Sarah
49%
125 Henry
48%
99 Matt
48%
157 Ben
46%
139 Bob
46%
119 Mark
46%
117 Anna
45%
156 Peter
45%
90 Jane
44%
115 Jim
44%
243 Frank
42%
88 Charles
40%
101 Maria
36%
178 Charlie
35%
96 Lisa
35%
106 Emily
34%
130 Nick
34%
92 Adam
33%
92 Kevin
33%
87 Dave
32%
115 Kate
32%
90 Phil
32%
89 Jason
30%
115 Rachel
29%
86 Amy
28%
93 Carl
28%
131 Tony
28%
93 Laura
25%
123 Billy
24%
97 Jake
24%
132 Lucy
23%
88 Martin
23%
121 Alice
22%
85 Jenny
22%
121 Eddie
21%
134 Jimmy
21%
85 Karen
21%
87 Annie
19%
91 Helen
19%
87 Jerry
19%
131 Max
19%
96 Simon
19%
103 Larry
18%
123 Tommy
18%
121 Bobby
17%
88 Kelly
15%
122 Ray
15%
104 Claire
11%
85 Maggie
10%
No matching quizzes found
Score Distribution
Percent of People with Each Score
Percentile by Number Answered
Your Score History
You have not taken this quiz